01725nam a22002537a 4500003000900000005001700009008004100026020001800067040002500085082001400110110008400124245012900208260010300337300003300440504002600473505060600499590002701105700003801132910001401170942001401184952012501198952013101323999001701454DO-SdBNP20220509090231.0110301s2017 dr ac 000 0 spa d a9789945597226 aDO-SdBNPbspacBNPHU axxxxbxxx1 aComisión Nacional Familia- vidabConferencia del Episcopado Dominicano98156710aCamino hacia el matrimonio :bcatequesis de preparación al sacramento del matrimonio /cpresentación Valentín Reynoso  aSanto Domingo :bComisión Nacional Familia-Vida, bConferencia del episcopado dominicano,c2017. a126 p. :bil., retr.c28 cm. aBibliografía p: 1270 tPresentación --tCarta a los novios --tIntroducción --tApertura --tEl matrimonio no se improvisa --tConócete a ti mismo --t¿Quién eres tú para mí? --tCómo se construye una pareja --tLa comunicación: un estilo de vida --tValoración de la sexualidad --tSer padre y madre --tEl matrimonio: vocación y sacramento --tComunidad de bienes --tDejar padre y madre --tLa pareja en comunidad --tLa pareja en comunidad --tLey canónica y ley civil del matrimonio --tMétodos naturales de control de la fertilidad --tCelebración litúrgica del matrimonio --tApéndice / aInventariado, 2022/ YL12aReynoso, Valentínepres.981450 aYLockward 2ddccLBS1 00102ddc53708PDaBNPHUbBNPHUcCTd2018-02-19eAmigo del hogarl0oxxxx xxxp2022-1854r2022-05-09w2022-05-09yLBS1 00102ddc53708PDaBNPHUbBNPHUcCTd2018-02-19eAmigo del hogarl0oxxxx xxxp2022-1855r2022-05-09te. 2w2022-05-09yLBS1 c51659d51659